[Event "Titled Tuesday intern op 09th Apr Early"]
[Site "Chess.com INT"]
[Date "2024.04.09"]
[Round "5"]
[White "Averchenko, Sergej"]
[Black "Padmini, Rout"]
[Result "0-1"]
[WhiteElo "2164"]
[BlackElo "2353"]
[PlyCount "38"]
[EventDate "2024.04.09"]
[EventType "swiss (blitz)"]
[EventRounds "11"]
[EventCountry "USA"]
[SourceTitle "EXT 2025"]
[Source "ChessBase"]
[SourceDate "2024.10.14"]
[SourceVersion "1"]
[SourceVersionDate "2024.10.14"]
[SourceQuality "1"]

1. d4 d5 2. c4 c6 3. Nc3 Nf6 4. Nf3 Bf5 5. Qb3 Qb6 6. c5 Qxb3 7. axb3 Na6 8. b4 Nxb4 9. Ra4 a5 10. Nh4 Bc2 11. Kd2 Bxa4 12. Nxa4 Nd7 13. f3 e5 14. e3 g6 15. g4 Bg7 16. Kc3 0-0 17. Ng2 exd4+ 18. exd4 b5 19. cxb6 c5 0-1

[Event "Titled Tuesday intern op 09th Apr Early"]
[Site "Chess.com INT"]
[Date "2024.04.09"]
[Round "9"]
[White "Averchenko, Sergej"]
[Black "Rosenberg, Evan"]
[Result "0-1"]
[WhiteElo "2164"]
[BlackElo "1989"]
[PlyCount "66"]
[EventDate "2024.04.09"]
[EventType "swiss (blitz)"]
[EventRounds "11"]
[EventCountry "USA"]
[SourceTitle "EXT 2025"]
[Source "ChessBase"]
[SourceDate "2024.10.14"]
[SourceVersion "1"]
[SourceVersionDate "2024.10.14"]
[SourceQuality "1"]

1. d4 d5 2. e4 e6 3. e5 c5 4. c3 Nc6 5. Nf3 Bd7 6. a3 c4 7. Nbd2 Qb6 8. Be2 Na5 9. 0-0 Ne7 10. Rb1 Nb3 11. Nxb3 cxb3 12. c4 dxc4 13. Bxc4 Nf5 14. d5 Bc5 15. Qxb3 0-0 16. d6 Qxb3 17. Bxb3 f6 18. Bf4 g5 19. Bg3 Nxg3 20. hxg3 g4 21. Rbc1 Bb6 22. Nd2 fxe5 23. Nc4 Bd4 24. Rfe1 Bxf2+ 25. Kh2 Bxe1 26. Rxe1 Bc6 27. Nxe5 Bd5 28. Bxd5 exd5 29. Rd1 Rf5 30. Rxd5 Rd8 31. d7 Kg7 32. b4 h5 33. b5 Kf6 0-1

[Event "Titled Tuesday intern op 09th Apr Early"]
[Site "Chess.com INT"]
[Date "2024.04.09"]
[Round "10"]
[White "Mizzi, Jack"]
[Black "Averchenko, Sergej"]
[Result "1-0"]
[WhiteElo "2051"]
[BlackElo "2164"]
[PlyCount "55"]
[EventDate "2024.04.09"]
[EventType "swiss (blitz)"]
[EventRounds "11"]
[EventCountry "USA"]
[SourceTitle "EXT 2025"]
[Source "ChessBase"]
[SourceDate "2024.10.14"]
[SourceVersion "1"]
[SourceVersionDate "2024.10.14"]
[SourceQuality "1"]

1. d4 d5 2. c4 c6 3. Nf3 Nf6 4. Nbd2 Bf5 5. Nh4 Bg4 6. h3 Bh5 7. g4 Bg6 8. Bg2 e6 9. Nxg6 hxg6 10. Qc2 Bd6 11. Nf3 Nbd7 12. Bg5 Qe7 13. cxd5 exd5 14. 0-0-0 0-0-0 15. Kb1 Rde8 16. Rhe1 Qe4 17. Rd3 Bb4 18. Nh4 Qe6 19. Re3 Bxe1 20. Rxe6 Rxe6 21. Nf3 Bxf2 22. Bf4 Rhe8 23. Ne5 Bxd4 24. Nxf7 Rxe2 25. Nd6+ Kd8 26. Nxb7+ Ke7 27. Qxe2+ Kf7 28. Nd6+ 1-0

[Event "Titled Tuesday intern op 09th Apr Early"]
[Site "Chess.com INT"]
[Date "2024.04.09"]
[Round "11"]
[White "Nikanova, Ekaterina"]
[Black "Averchenko, Sergej"]
[Result "1-0"]
[WhiteElo "2044"]
[BlackElo "2164"]
[PlyCount "181"]
[EventDate "2024.04.09"]
[EventType "swiss (blitz)"]
[EventRounds "11"]
[EventCountry "USA"]
[SourceTitle "EXT 2025"]
[Source "ChessBase"]
[SourceDate "2024.10.14"]
[SourceVersion "1"]
[SourceVersionDate "2024.10.14"]
[SourceQuality "1"]

1. e4 c5 2. a3 d5 3. exd5 Nf6 4. Nc3 Nxd5 5. Nxd5 Qxd5 6. Nf3 Nc6 7. Be2 Bg4 8. 0-0 e6 9. h3 Bh5 10. b3 Bd6 11. Bb2 0-0 12. d3 Bg6 13. Qd2 Nd4 14. Nxd4 cxd4 15. Bf3 Qc5 16. Bxb7 Rab8 17. Bf3 Rfc8 18. Rac1 Qe5 19. g3 Bf5 20. Bg2 Qc5 21. Rfe1 e5 22. Qe2 Re8 23. g4 Bg6 24. Be4 Qa5 25. Bxg6 hxg6 26. a4 Bb4 27. Rf1 Qd5 28. Qe4 Qd7 29. f3 Bd6 30. Kg2 f5 31. Qe2 Qe7 32. Qf2 fxg4 33. hxg4 Rf8 34. Rh1 Qg5 35. Rh3 Rbe8 36. Rch1 Qf4 37. Bc1 Qf6 38. Rh8+ Kf7 39. R8h7 Ke6 40. R7h3 Kd7 41. Qe2 Kc6 42. Qe4+ Kc7 43. Qd5 Qe6 44. Qxe6 Rxe6 45. Rh7 Rf7 46. Rf1 Be7 47. Rh8 g5 48. Bd2 Rh6 49. Rxh6 gxh6 50. Re1 Bd6 51. Ba5+ Kb7 52. Bd2 Kb6 53. c4 a5 54. Rc1 Bc5 55. Rh1 Rf6 56. Re1 Re6 57. Rh1 Ka6 58. Kg3 Bb4 59. Bxb4 axb4 60. Rd1 Kb6 61. Rd2 Kc5 62. Re2 Re7 63. Rh2 Re6 64. Kf2 Kb6 65. Ke2 Kc5 66. Kf2 Rf6 67. Kg3 Re6 68. Ra2 Ra6 69. Re2 Re6 70. Re4 Re7 71. Kg2 Re6 72. Re1 Re7 73. Rh1 Re6 74. Rh5 Kb6 75. Kf2 Kc5 76. Ke2 Kb6 77. Kd2 Kc5 78. Rh1 Kb6 79. Re1 Kc5 80. Kc2 Kb6 81. Kd2 Kc5 82. Ra1 Ra6 83. Ke2 Kb6 84. Kf2 Kc5 85. Kg3 Rf6 86. Kg2 Ra6 87. Kf2 Rf6 88. Re1 Re6 89. Rh1 Kb6 90. Kg3 Kc5 91. Ra1 1-0

[Event "Titled Tuesday intern op 09th Jan Early"]
[Site "Chess.com INT"]
[Date "2024.01.09"]
[Round "9"]
[White "Averchenko, Sergej"]
[Black "Soraas, Torben"]
[Result "0-1"]
[WhiteElo "2164"]
[BlackElo "2121"]
[PlyCount "58"]
[EventDate "2024.01.09"]
[EventType "swiss (blitz)"]
[EventRounds "11"]
[EventCountry "USA"]
[SourceTitle "CBM 218 Extra"]
[Source "ChessBase"]
[SourceDate "2024.03.31"]
[SourceVersion "1"]
[SourceVersionDate "2024.03.31"]
[SourceQuality "1"]

1. d4 Nf6 2. c4 c5 3. d5 b5 4. cxb5 a6 5. bxa6 g6 6. Nc3 Bg7 7. Nf3 0-0 8. h3 Qa5 9. Nd2 Bxa6 10. e4 Bxf1 11. Kxf1 e6 12. d6 Ne8 13. Nc4 Qa6 14. Qd3 Nxd6 15. Qxd6 Qxc4+ 16. Kg1 Ra6 17. Qg3 Nc6 18. Kh2 Rb8 19. Rd1 Rb7 20. Kg1 Nd4 21. Qg5 h6 22. Qd8+ Kh7 23. Bd2 Rxb2 24. Qxd7 Rxd2 25. Rxd2 Qxc3 26. Rad1 Qc4 27. Qxf7 Rxa2 28. Rxa2 Qxa2 29. Rc1 Ne2+ 0-1

[Event "Khanty-Mansiysk Governor Cup-B 8th"]
[Site "Khanty-Mansiysk"]
[Date "2012.11.21"]
[Round "7"]
[White "Gutenev, Alexander"]
[Black "Averchenko, Sergej"]
[Result "1-0"]
[WhiteElo "2341"]
[BlackElo "2335"]
[PlyCount "55"]
[EventDate "2012.11.15"]
[EventType "swiss"]
[EventRounds "9"]
[EventCountry "RUS"]
[SourceTitle "CBM 151 Extra"]
[Source "ChessBase"]
[SourceDate "2012.12.18"]
[SourceVersion "1"]
[SourceVersionDate "2012.12.18"]
[SourceQuality "1"]

1. e4 c5 2. Nf3 d6 3. d4 cxd4 4. Nxd4 Nf6 5. Nc3 a6 6. h3 b5 7. g4 Bb7 8. Bg2 e5 9. Nde2 b4 10. Nd5 Nxd5 11. exd5 Nd7 12. a3 a5 13. 0-0 Be7 14. Ng3 g6 15. Bh6 Bg5 16. Ne4 Bxh6 17. Nxd6+ Kf8 18. Nxb7 Qb6 19. g5 Bxg5 20. Qg4 f5 21. Qxg5 Qxb7 22. d6 e4 23. Qe7+ Kg8 24. axb4 h6 25. Rxa5 Rf8 26. Rfa1 Rh7 27. Qe6+ Kh8 28. Ra7 1-0

[Event "RUS-chT 11th"]
[Site "Sochi"]
[Date "2004.04.24"]
[Round "5.6"]
[White "Vitiugov, Nikita"]
[Black "Averchenko, Sergej"]
[Result "1-0"]
[WhiteElo "2469"]
[BlackElo "2346"]
[PlyCount "57"]
[EventDate "2004.04.20"]
[EventType "team-tourn"]
[EventRounds "9"]
[EventCountry "RUS"]
[SourceTitle "EXT 2020"]
[Source "ChessBase"]
[SourceDate "2019.10.17"]
[SourceVersion "1"]
[SourceVersionDate "2019.10.17"]
[SourceQuality "1"]
[WhiteTeam "Sankt Petersburg"]
[BlackTeam "Tomsk Siberian Athens-Neftekhim"]
[WhiteTeamCountry "RUS"]
[BlackTeamCountry "RUS"]

1. d4 d5 2. c4 c6 3. Nc3 Nf6 4. e3 e6 5. Nf3 Nbd7 6. Bd3 dxc4 7. Bxc4 b5 8. Be2 Bb7 9. 0-0 a6 10. e4 b4 11. e5 bxc3 12. exf6 Nxf6 13. bxc3 Bd6 14. Rb1 Qc7 15. c4 0-0 16. c5 Be7 17. Bf4 Qxf4 18. Rxb7 Nd5 19. g3 Qe4 20. Re1 Bf6 21. Bb5 Qf5 22. Bxc6 Rac8 23. Ne5 Rfd8 24. Nxf7 Rxc6 25. Nxd8 Bxd8 26. Qa4 Rc7 27. Qe8+ Qf8 28. Qxe6+ Qf7 29. Qd6 1-0

[Event "RUS-chT2"]
[Site "Novokuznetsk"]
[Date "2003.??.??"]
[Round "5"]
[White "Averchenko, Sergej"]
[Black "Klimov, Anton"]
[Result "1/2-1/2"]
[WhiteElo "2356"]
[BlackElo "2163"]
[PlyCount "25"]
[EventDate "2003.??.??"]
[EventType "team"]
[EventRounds "9"]
[EventCountry "RUS"]
[SourceTitle "EXT 2005"]
[Source "ChessBase"]
[SourceDate "2004.11.15"]
[SourceVersion "1"]
[SourceVersionDate "2004.11.15"]
[SourceQuality "1"]

1. d4 Nf6 2. c4 g6 3. Nc3 Bg7 4. Nf3 d6 5. Bf4 0-0 6. e3 c5 7. Be2 Bf5 8. 0-0 cxd4 9. Nxd4 Bd7 10. Bg3 Nc6 11. Rc1 Rc8 12. h3 Qa5 13. Nb3 1/2-1/2

[Event "RUS-Cup10"]
[Site "Tomsk"]
[Date "1997.07.28"]
[Round "7"]
[White "Averchenko, Sergej"]
[Black "Rodionov, Alexander"]
[Result "1/2-1/2"]
[WhiteElo "2305"]
[BlackElo "2195"]
[PlyCount "66"]
[EventDate "1997.07.21"]
[EventType "swiss"]
[EventRounds "9"]
[EventCountry "RUS"]
[SourceTitle "EXT 2000"]
[Source "ChessBase"]
[SourceDate "1999.11.16"]
[SourceVersion "1"]
[SourceVersionDate "1999.11.16"]
[SourceQuality "1"]

1. d4 Nf6 2. c4 e6 3. Nc3 Bb4 4. e3 c5 5. Bd3 d5 6. Nf3 0-0 7. 0-0 cxd4 8. exd4 dxc4 9. Bxc4 Be7 10. Qe2 Nc6 11. Rd1 Nb4 12. Ne5 a6 13. Bb3 Qb6 14. Bf4 Rd8 15. Nc4 Qc6 16. a4 Nbd5 17. Bd2 b6 18. Nxd5 Nxd5 19. Rac1 Bb7 20. Qf1 Rac8 21. Na5 Qd7 22. Nxb7 Qxb7 23. Bc4 Nc7 24. Bf4 Bd6 25. Be5 b5 26. axb5 axb5 27. Bxd6 Rxd6 28. Bxb5 Rb6 29. Ba4 Rxb2 30. Rc4 Nd5 31. Rdc1 Rxc4 32. Qxc4 g6 33. Bc6 Qb3 1/2-1/2

[Event "RUS-Cup10"]
[Site "Tomsk"]
[Date "1997.07.21"]
[Round "1"]
[White "Averchenko, Sergej"]
[Black "Galkin, Alexander"]
[Result "0-1"]
[WhiteElo "2305"]
[BlackElo "2540"]
[PlyCount "75"]
[EventDate "1997.07.21"]
[EventType "swiss"]
[EventRounds "9"]
[EventCountry "RUS"]
[SourceTitle "EXT 2000"]
[Source "ChessBase"]
[SourceDate "1999.11.16"]
[SourceVersion "1"]
[SourceVersionDate "1999.11.16"]
[SourceQuality "1"]

1. d4 d5 2. c4 c6 3. Nf3 Nf6 4. Nc3 e6 5. e3 Nbd7 6. Bd3 dxc4 7. Bxc4 b5 8. Bd3 Bb7 9. 0-0 a6 10. e4 c5 11. d5 c4 12. dxe6 fxe6 13. Bc2 Qc7 14. Qe2 Bd6 15. h3 0-0 16. Be3 Rae8 17. Rad1 Bb4 18. Bd2 Bc5 19. Be3 Bb4 20. Bd2 Bc5 21. Be3 Re7 22. a3 Nh5 23. Bxc5 Nxc5 24. Qe3 Nf4 25. Ne2 e5 26. Ng3 g6 27. Qc3 Nxe4 28. Qe3 Nc5 29. Ne4 Ncd3 30. b3 Bxe4 31. Qxe4 Qb7 32. Bxd3 Nxd3 33. Qh4 e4 34. Nd4 cxb3 35. Nxb3 Ref7 36. Rd2 Qc7 37. Re2 Qc3 38. Nd2 0-1

[Event "Seversk"]
[Site "Seversk"]
[Date "1997.??.??"]
[Round "7"]
[White "Iskusnyh, Sergei"]
[Black "Averchenko, Sergej"]
[Result "1-0"]
[WhiteElo "2440"]
[BlackElo "2260"]
[PlyCount "65"]
[EventDate "1997.??.??"]
[EventType "tourn"]
[EventRounds "13"]
[EventCountry "RUS"]
[EventCategory "8"]
[SourceTitle "EXT 2000"]
[Source "ChessBase"]
[SourceDate "1999.11.16"]
[SourceVersion "1"]
[SourceVersionDate "1999.11.16"]
[SourceQuality "1"]

1. Nf3 d5 2. d4 Nf6 3. c4 c6 4. Nc3 e6 5. e3 Nbd7 6. Qc2 Be7 7. Bd3 dxc4 8. Bxc4 c5 9. 0-0 cxd4 10. exd4 Nb6 11. Bd3 0-0 12. Bg5 h6 13. Be3 Nbd5 14. Qe2 a6 15. Ne5 Bd7 16. Rac1 Rc8 17. Bb1 Bc6 18. Qd2 Nxc3 19. bxc3 Ba3 20. Rce1 Be4 21. c4 Bxb1 22. Rxb1 Bd6 23. Bxh6 gxh6 24. Qxh6 Ne4 25. Rb3 Bxe5 26. dxe5 Ng5 27. Rg3 f6 28. exf6 Qxf6 29. Rxg5+ Kf7 30. Qh7+ Ke8 31. Qxb7 Rxc4 32. Qxa6 Rc2 33. Qa4+ 1-0

[Event "Seversk"]
[Site "Seversk"]
[Date "1997.??.??"]
[Round "13"]
[White "Yurtaev, Leonid"]
[Black "Averchenko, Sergej"]
[Result "1-0"]
[WhiteElo "2495"]
[BlackElo "2260"]
[PlyCount "67"]
[EventDate "1997.??.??"]
[EventType "tourn"]
[EventRounds "13"]
[EventCountry "RUS"]
[EventCategory "8"]
[SourceTitle "EXT 2000"]
[Source "ChessBase"]
[SourceDate "1999.11.16"]
[SourceVersion "1"]
[SourceVersionDate "1999.11.16"]
[SourceQuality "1"]

1. e4 c5 2. Nf3 d6 3. d4 cxd4 4. Nxd4 Nf6 5. Nc3 a6 6. Bg5 e6 7. Be2 Be7 8. 0-0 Qc7 9. Qd3 Nbd7 10. Rad1 h6 11. Bc1 b5 12. a3 Bb7 13. Qg3 g5 14. Qh3 Nc5 15. Bxg5 Nfxe4 16. Nxe4 Bxe4 17. Bxe7 Qxe7 18. Rfe1 Qb7 19. b4 Na4 20. Bh5 0-0-0 21. Bxf7 Kb8 22. Bxe6 Nb2 23. Rd2 Nc4 24. Rde2 Bd5 25. g3 Ne5 26. c3 Bf3 27. Re3 h5 28. Qh4 Bh1 29. Bh3 Rdf8 30. f3 Nxf3+ 31. Nxf3 Bxf3 32. Qd4 Rh6 33. Re7 Qa8 34. Qb6+ 1-0